LEADER 01265nam a2200277 i 4500 001 000000211292 003 CaOOAMICUS 005 20120227000000.0 008 120227s2009 it u000 u ita u 013 $a190105 020 $a978-88-8284-481-3 040 $aSeMil$bita 100 1 $aBernardelli, Giorgio.$0(OLS)http://semarc/name/59242 245 10$aTerra Santa :$bviaggio dove la fede č giovane /$cGiorgio Bernardelli ; prefazione di Pierbattista Pizzaballa. 260 $aRoma :$bAVE,$c2009. 300 $a159 p. :$bill. ;$c19 cm. 490 0 $aAttraverso : per leggere da cristiani la transizione 650 4$aTerra Santa - Pellegrinaggi.$0(OLS)http://semarc/subject/3066 700 1 $aPizzaballa, Pierbattista,$c.$0(OLS)http://semarc/name/93476 830 0$aAttraverso : per leggere da cristiani la transizione.$0(OLS)http://semarc/title/35550 850 $aSeMil 852 $aSeMil$W1$xVenegono$y1$m4Y I 159$j161732$B161732$CSeMilBibl$Z2$F183095 $81 961 $aOmaggio: Paleari don Marco 996 $6020$a978-88-8284-481-3$9(OLS)http://semarc/number/206446 996 $6245$aTerra Santa :$bviaggio dove la fede č giovane$9(OLS)http://semarc/title/305273 996 $6260$aRoma :$bAVE$9(OLS)http://semarc/publisher/30251 LEADER 01402nam a2200253 i 4500 001 000000113237 003 CaOOAMICUS 005 20030319000000.0 008 030319s1994 it u000 u ita u 013 $a85923 040 $aSeMil$bita 100 1 $aBertola, Carlo G.$0(OLS)http://semarc/name/47392 245 13$aLa fraternitā sacramentale dei presbiteri :$baspetti teologici e loro riflessi nella vita concreta del sacerdote /$cauctore Carlo G. Bertola. 260 $aRoma :$b[s.n.],$c1994. 300 $a125 p. ;$c25 cm. 500 $aIn testa al front. : Pontificia Universitas Gregoriana : Institutum spiritualitatis. - In mezzo al front : Excerpta ex Dissertatione at Doctoratum ... - Contiene : Dedica autografa dell'Autore ; Bibliografia completa. - Fondo Card. C.M. Martini. 650 4$aSacerdozio - Fraternitā - Aspetti teologici.$0(OLS)http://semarc/subject/20516 710 2 $aPontificia Universitā Gregoriana : Istituto di Spiritualitā.$0(OLS)http://semarc/name/15126 850 $aSeMil 852 $aSeMil$W1$xVenegono$y1$m2I V 556$j68942$B68942$CSeMilBibl$Z2$F88855 $81 941 1 $a4 961 $aOmaggio: Martini Card. Carlo Maria 996 $6245$aLa fraternitā sacramentale dei presbiteri :$baspetti teologici e loro riflessi nella vita concreta del sacerdote$9(OLS)http://semarc/title/165291 996 $6260$aRoma :$b[s.n.]$9(OLS)http://semarc/publisher/29738